|
|
|
|
| LEADER |
00977nam a22002657a 4500 |
| 001 |
40069 |
| 003 |
BD-DhAAL |
| 008 |
221116t2003 ii b 001 0 eng d |
| 999 |
|
|
|c 45060
|d 45060
|
| 020 |
|
|
|a 8170127688
|
| 040 |
|
|
|a BD-DhAAL
|c BD-DhAAL
|
| 082 |
|
|
|a 340.0954
|2 23
|
| 100 |
1 |
|
|a Gandhi, B. M.
|9 52405
|
| 245 |
1 |
0 |
|a Hindu law /
|c B.M. Gandhi.
|
| 250 |
|
|
|a Second edition
|
| 260 |
|
|
|a Lucknow :
|b Eastern Book Co.,
|c 2003.
|
| 300 |
|
|
|a lvi, 424 pages ;
|c 22 cm.
|
| 504 |
|
|
|a Includes bibliographical references and index.
|
| 541 |
|
|
|a Donated By Akbar Ali Khan
|e 40069
|
| 650 |
|
0 |
|a Law
|z India.
|9 52406
|
| 650 |
|
0 |
|a Hindu law.
|9 52407
|
| 650 |
|
0 |
|a Hindus
|x Legal status, laws, etc.
|z India.
|9 52408
|
| 852 |
|
|
|a Ayesha Abed Library
|c Akbar Ali Khan Collection
|
| 942 |
|
|
|2 ddc
|c BK
|
| 952 |
|
|
|0 0
|1 0
|2 ddc
|4 0
|6 340_095400000000000_GAN
|7 1
|9 72353
|a BRACUL
|b BRACUL
|c CS1
|d 2022-11-16
|e Donated by Akbar Ali Khan
|g 247.62
|l 0
|o 340.0954 GAN
|p 3010040069
|r 2022-11-16
|t 1
|w 2022-11-16
|y BK
|x Rs. 195.00
|